000
00211nam a2200085Ia 4500
245
0
_a
Can't let go
100
_a
Hill, Jane London, 2009
_9
80772
942
_c
BK
008
210817s9999 xx 000 0 und d
999
_c
284840
_d
284839